Capitals of South America Map Quiz - Statistics

General Stats
  • This quiz has been taken 33 times
  • The average score is 11 of 13
Answers on the Map
Answers color-coded by a green-red scale on the quiz's map according to % correct below.
 
Answer Stats
Country Answer % Correct
Colombia Bogota
96%
Brazil Brasilia
96%
Argentina Buenos Aires
96%
Peru Lima
96%
Chile Santiago
96%
Bolivia La Paz
92%
Ecuador Quito
88%
Paraguay Asuncion
83%
Venezuela Caracas
83%
Guyana Georgetown
83%
Uruguay Montevideo
83%
Bolivia Sucre
75%
Suriname Paramaribo
67%
No matching quizzes found
Score Distribution
Percent of People with Each Score
Percentile by Number Answered
Your Score History
You have not taken this quiz